All Metal Subgenres - Statistics

General Stats
  • This quiz has been taken 83 times
    66 since last reset
  • The average score is 34 of 123
Answer Stats
Subgenres % Correct
Black Metal
98%
Death Metal
98%
Heavy Metal
88%
Metalcore
86%
Nu Metal
86%
Doom Metal
83%
Thrash Metal
81%
Deathcore
76%
Symphonic Metal
74%
Glam Metal
69%
Grindcore
69%
Melodic Death Metal
67%
Speed Metal
67%
Power Metal
64%
War Metal
64%
Brutal Death Metal
57%
Sludge Metal
57%
Alternative Metal
55%
Industrial Metal
55%
Progressive Metal
55%
Viking Metal
55%
Pornogrind
52%
Cybergrind
50%
Slamming Brutal Death Metal
50%
Djent
48%
Mathcore
48%
Rap Metal
48%
Folk Metal
45%
Goregrind
45%
Melodic Black Metal
45%
Technical Death Metal
45%
Deathgrind
43%
DSBM
43%
Groove Metal
43%
NWOBHM
43%
Crust Punk
40%
Gothic Metal
40%
Stenchcore
40%
NSBM
38%
Atmospheric Black Metal
36%
Kawaii Metal
36%
Symphonic Black Metal
36%
Symphonic Death Metal
36%
Crossover Thrash
33%
Pirate Metal
33%
Stoner Metal
33%
Blackened Thrash Metal
31%
Blackgaze
31%
Funeral Doom Metal
29%
Avant-Garde Metal
26%
Drone Metal
26%
Post-Metal
26%
Technical Thrash Metal
26%
Metalstep
24%
Raw Black Metal
24%
Melodic Metalcore
21%
Neoclassical Metal
21%
Post-Hardcore
21%
Epic Doom Metal
19%
Funk Metal
19%
Death 'n' Roll
17%
Neue Deutsche Härte
17%
Nu-Metalcore
17%
Southern Metal
17%
Ambient Black Metal
14%
Blackened Crust
14%
Black 'n' Roll
14%
Celtic Metal
14%
Electronicore
14%
Mincecore
14%
Pagan Metal
14%
Post-Black Metal
14%
Proto-Metal
14%
Thall
14%
Thrashcore
14%
Traditional Heavy Metal
14%
Trance Metal
14%
Nintendocore
12%
Noisegrind
12%
Old School Death Metal
12%
Pagan Black Metal
12%
Powerviolence
12%
Progressive Thrash Metal
12%
Cyber Metal
10%
Doomgaze
10%
Folk Black Metal
10%
Industrial Black Metal
10%
Progressive Metalcore
10%
Swedish Death Metal
10%
Traditional Doom Metal
10%
Trap Metal
10%
Unblack Metal
10%
Deathrash
7%
Dissonant Black Metal
7%
Dissonant Death Metal
7%
Downtempo Deathcore
7%
Dungeon Synth
7%
Industrial Death Metal
7%
Jazz Metal
7%
Latin Metal
7%
Primus
7%
Teutonic Thrash Metal
7%
USPM
7%
White Metal
7%
Blackened Speed Metal
5%
Easycore
5%
Mittelalter Metal
5%
RABM
5%
Beatdown Metalcore
2%
Blackened Noise
2%
EUPM
2%
Oriental Metal
2%
Progressive Doom
2%
Proto-Doom
2%
Psychedelic Black Metal
2%
Beatdown Deathcore
0%
Cavernous Death Metal
0%
Flamenco Metal
0%
Holy Terror
0%
Moshcore
0%
NOLA Sludge
0%
Speedcore
0%
Stoner Thrash
0%
No matching quizzes found
Score Distribution
Percent of People with Each Score
Percentile by Number Answered
Your Score History
You have not taken this quiz since the last reset